[Event "Leon"]
[Site "?"]
[Date "2000.??.??"]
[Round "?"]
[White "Anand, V."]
[Black "Polgar, Judit"]
[Result "1/2-1/2"]
[WhiteElo "2765"]
[BlackElo "2655"]
[PlyCount "120"]
[EventDate "2000.??.??"]
[Source "Chess Informant"]
[SourceDate "2000.06.01"]

1. e4 c5 2. Nf3 e6 3. d4 cxd4 4. Nxd4 a6 5. Bd3 Qb6 6. c3 Nc6 7. Nxc6 Qxc6 8. O-O d6 9. c4 Nf6 10. Qe2 Be7 11. Nc3 Nd7 12. f4 O-O 13. Be3 b6 14. Rf3 Bb7 15. Rh3 Rfe8 16. Rf1 Rac8 17. Nd5 Bd8 18. Qh5 Nf8 19. Bd4 f6 20. e5 f5 21. exd6 Qd7 22. Rg3 g6 23. Qh6 Rc6 24. Re1 Rxd6 25. Bxf5 Qf7 26. Bxg6 Nxg6 27. f5 e5 28. Bxe5 Bxd5 29. cxd5 Rxe5 30. Rxe5 Rf6 31. Rg5 Be7 32. g3 Bf8 33. Qh4 Bg7 34. fxg6 Rf1+ 35. Kg2 Rf2+ 36. Kh3 hxg6 37. Re1 Bf6 38. Qh6 Bxg5 39. Qxg5 Qf5+ 40. Qxf5 gxf5 41. Re6 Rxb2 42. d6 Rd2 43. d7 Rxd7 44. Rxb6 Rd2 45. Rxa6 Kf7 46. a4 Ra2 47. a5 Ke7 48. Kh4 Rxh2+ 49. Kg5 Rg2 50. Kf4 Rf2+ 51. Ke5 Rf3 52. Ra7+ Kd8 53. Rg7 Kc8 54. Kd6 Rd3+ 55. Kc6 Rc3+ 56. Kb6 Rb3+ 57. Ka7 Kd8 58. a6 Kc8 59. Rf7 Rxg3 60. Rxf5 Rb3 1/2-1/2

[Event "Armenia - ROW"]
[Site "?"]
[Date "2004.??.??"]
[Round "?"]
[White "Akopian, Vl"]
[Black "Svidler, P."]
[Result "1/2-1/2"]
[WhiteElo "2685"]
[BlackElo "2730"]
[PlyCount "31"]
[EventDate "2004.??.??"]
[Source "Chess Informant"]
[SourceDate "2004.06.01"]

1. e4 c5 2. Nf3 e6 3. d4 cxd4 4. Nxd4 a6 5. Bd3 Nf6 6. O-O Qc7 7. Qe2 d5 8. exd5 Nxd5 9. Bc4 Nf6 10. Bg5 Be7 11. Nc3 O-O 12. Rad1 b5 13. Bd3 Bb7 14. Qe3 Nbd7 15. Ne4 Rfe8 16. Nxf6+ 1/2-1/2

[Event "Villarrobledo"]
[Site "?"]
[Date "2006.08.05"]
[Round "5"]
[White "Anand Viswanathan"]
[Black "Milov Vadim"]
[Result "1/2-1/2"]
[WhiteElo "2779"]
[BlackElo "2620"]
[PlyCount "45"]
[EventDate "2006.??.??"]
[Source "www.chesslib.no"]
[SourceDate "2004.05.04"]

1. e4 c5 2. Nf3 e6 3. d4 cxd4 4. Nxd4 a6 5. Bd3 Ne7 6. O-O Nbc6 7. Nxc6 Nxc6 8. c3 Bc5 9. Nd2 d6 10. Kh1 e5 11. Bc4 O-O 12. Nb3 Ba7 13. f4 Be6 14. Bd5 Bxd5 15. Qxd5 Qc7 16. Bd2 Rac8 17. Rad1 Rfd8 18. Nc1 Qa5 19. Nd3 Qxd5 20. exd5 Ne7 21. fxe5 dxe5 22. Nxe5 f6 23. Nf3 1/2-1/2

[Event "Montecatini Terme"]
[Site "?"]
[Date "2000.??.??"]
[Round "?"]
[White "Ivanchuk, V."]
[Black "Rublevsky, S."]
[Result "1/2-1/2"]
[WhiteElo "2715"]
[BlackElo "2670"]
[PlyCount "49"]
[EventDate "2000.??.??"]
[Source "Chess Informant"]
[SourceDate "2000.06.01"]

1. e4 c5 2. Nf3 e6 3. d4 cxd4 4. Nxd4 a6 5. Bd3 Nf6 6. O-O d6 7. c4 Bd7 8. Nc3 Nc6 9. Nxc6 Bxc6 10. a4 b6 11. Be3 Be7 12. f3 O-O 13. Qd2 Qb8 14. Rfd1 Rc8 15. Bf1 Nd7 16. Bg5 Bxg5 17. Qxg5 Rd8 18. Qe3 Qc7 19. Be2 Rac8 20. Rd2 Nc5 21. Bd1 e5 22. b4 Ne6 23. b5 axb5 24. axb5 Ra8 25. Rda2 1/2-1/2

[Event "Groningen (m/1) 71/176"]
[Site "?"]
[Date "1997.??.??"]
[Round "?"]
[White "Almasi, Zoltan"]
[Black "Anand, Viswanathan"]
[Result "0-1"]
[WhiteElo "2615"]
[BlackElo "2765"]
[PlyCount "100"]
[EventDate "1997.??.??"]
[Source "ChessBase"]
[SourceDate "1997.10.01"]

1. e4 c5 2. Nf3 e6 3. d4 cxd4 4. Nxd4 a6 5. Bd3 Nf6 6. O-O Qc7 7. Qe2 d6 8. c4 g6 9. Nc3 Bg7 10. Rd1 O-O 11. Nf3 Nc6 12. h3 Nd7 13. Be3 Nde5 14. Rac1 Bd7 15. Nxe5 dxe5 16. f3 Nd4 17. Qf2 Bc6 18. Ne2 Rfd8 19. Nxd4 exd4 20. Bd2 e5 21. b4 Bd7 22. Qe2 a5 23. bxa5 Be6 24. Kh1 Rdc8 25. Rc2 Bf8 26. Rb1 Bc5 27. Qf2 Rcb8 28. f4 exf4 29. Bxf4 Qxa5 30. Bxb8 Rxb8 31. Qg3 Qd8 32. a4 b6 33. e5 Ra8 34. Ra2 Qd7 35. a5 bxa5 36. Qf3 Qd8 37. Rb7 Rc8 38. Rf2 Rc7 39. Rb5 a4 40. Ra5 a3 41. Rf1 Rc8 42. Ra6 Qe8 43. Qe4 Rb8 44. Ra5 Qe7 45. Qf3 Qc7 46. Rb5 Qxe5 47. Qf6 Qc7 48. Ra1 Rc8 49. Qf2 Bf8 50. Rc1 Qc6 0-1

[Event "Ch Spain (team) (Honor Gr.1)"]
[Site "Lugo (Spain)"]
[Date "2007.06.22"]
[Round "3"]
[White "Akopian Vladimir (ARM)"]
[Black "Milov Vadim (SUI)"]
[Result "1-0"]
[WhiteElo "2698"]
[BlackElo "2676"]
[PlyCount "63"]
[EventDate "2007.??.??"]
[Source "www.chesslib.no"]
[SourceDate "2004.05.04"]

1. e4 c5 2. Nf3 e6 3. d4 cxd4 4. Nxd4 a6 5. Bd3 Ne7 6. O-O Nbc6 7. Nxc6 Nxc6 8. Qg4 h5 9. Qh3 g5 10. f4 g4 11. Qe3 b6 12. Qf2 Bb7 13. Be3 h4 14. Bxb6 g3 15. Qe3 gxh2+ 16. Kxh2 Qf6 17. Nc3 Rg8 18. Rf3 Bh6 19. Qf2 Rg4 20. Rf1 Nb4 21. Bc7 Nxd3 22. cxd3 Rc8 23. Be5 Qe7 24. f5 d6 25. Bf4 Bg7 26. fxe6 fxe6 27. Kh1 d5 28. Bh2 Qc5 29. d4 Qb4 30. a3 h3 31. axb4 hxg2+ 32. Qxg2 1-0

[Event "Bastia FRA, Corsica Masters 2005"]
[Site "?"]
[Date "2005.11.03"]
[Round "1.1"]
[White "Anand Viswanathan"]
[Black "Markowski Tomasz"]
[Result "1-0"]
[WhiteElo "2788"]
[BlackElo "2582"]
[PlyCount "47"]
[EventDate "2005.??.??"]
[Source "www.chesslib.no"]
[SourceDate "2004.05.04"]

1. e4 c5 2. Nf3 e6 3. d4 cxd4 4. Nxd4 a6 5. Bd3 Nf6 6. O-O d6 7. c4 b6 8. Nc3 Bb7 9. Be3 Nbd7 10. a4 Nc5 11. f3 Be7 12. b4 Nxd3 13. Qxd3 O-O 14. Nb3 a5 15. bxa5 bxa5 16. Rfd1 Nd7 17. Nb5 Ne5 18. Qc3 Qb8 19. Bd4 Rc8 20. Nxa5 Ba6 21. Rab1 Bf6 22. Kh1 Nxc4 23. Nxc4 e5 24. Bg1 1-0

[Event "Polanica Zdroj 73/(212)"]
[Site "?"]
[Date "1998.??.??"]
[Round "?"]
[White "Leko, Peter"]
[Black "Rublevsky, Sergei"]
[Result "1/2-1/2"]
[WhiteElo "2665"]
[BlackElo "2685"]
[PlyCount "49"]
[EventDate "1998.??.??"]
[Source "ChessBase"]
[SourceDate "1998.06.01"]

1. e4 c5 2. Nf3 e6 3. d4 cxd4 4. Nxd4 a6 5. Bd3 Nf6 6. O-O d6 7. c4 Bd7 8. Nc3 Nc6 9. Be3 Be7 10. Be2 O-O 11. f3 Qb8 12. Nb3 Rc8 13. Na4 Bd8 14. Nb6 Bxb6 15. Bxb6 d5 16. cxd5 exd5 17. exd5 Nb4 18. d6 Nbd5 19. Bc5 b6 20. Bf2 Qxd6 21. Qd2 Bb5 22. Rfe1 Bxe2 23. Rxe2 Rd8 24. Rae1 h6 25. Bg3 1/2-1/2

[Event "Europe-Tartarstan m"]
[Site "Kazan"]
[Date "2001.08.16"]
[Round "2"]
[White "Khalifman, Alexander"]
[Black "Rublevsky, Sergei"]
[Result "1-0"]
[WhiteElo "2700"]
[BlackElo "2639"]
[PlyCount "91"]
[EventDate "2001.08.15"]
[Source "ChessBase"]
[SourceDate "2001.11.13"]

1. e4 c5 2. Nf3 e6 3. d4 cxd4 4. Nxd4 a6 5. Bd3 Nf6 6. O-O d6 7. c4 Bd7 8. Nc3 Nc6 9. Nxc6 Bxc6 10. b4 b6 11. Bb2 Be7 12. Qe2 O-O 13. Rad1 Nd7 14. f4 Bb7 15. Rf3 g6 16. Rh3 Bf6 17. e5 dxe5 18. Be4 Qc7 19. Bxb7 Qxb7 20. Ne4 Bg7 21. fxe5 Qc7 22. Nf6+ Bxf6 23. exf6 e5 24. Rf3 Rfd8 25. Rd5 h5 26. Rfd3 Nf8 27. Qxe5 Qxe5 28. Bxe5 Rxd5 29. Rxd5 Ne6 30. c5 bxc5 31. bxc5 Rc8 32. Bd6 g5 33. Kf2 Kh7 34. Be7 Kg6 35. Ke3 Rb8 36. Rd2 Kf5 37. Kd3 Rb4 38. Kc3 Rb1 39. Kc4 Rc1+ 40. Kd5 h4 41. c6 g4 42. Kd6 g3 43. hxg3 hxg3 44. Kd7 Rc3 45. Bd6 Kxf6 46. c7 1-0

[Event "Bastia Cup"]
[Site "Bastia"]
[Date "1999.12.04"]
[Round "1.2"]
[White "Smirin, Ilia"]
[Black "Rublevsky, Sergei"]
[Result "0-1"]
[WhiteElo "2671"]
[BlackElo "2660"]
[PlyCount "72"]
[EventDate "1999.11.??"]
[Source "ChessBase"]
[SourceDate "2000.01.11"]

1. e4 c5 2. Nf3 e6 3. d4 cxd4 4. Nxd4 a6 5. Bd3 Nf6 6. O-O d6 7. c4 Bd7 8. Nc3 Nc6 9. Nxc6 Bxc6 10. Qe2 Be7 11. Be3 O-O 12. Rfd1 Nd7 13. Rac1 Qb8 14. b4 b6 15. Bb1 Rc8 16. a3 b5 17. Bd3 Ne5 18. cxb5 Nxd3 19. Qxd3 axb5 20. Ra1 Qb7 21. f3 Be8 22. Rdc1 Rc4 23. Ne2 Bf6 24. Rab1 d5 25. exd5 Qxd5 26. Qxd5 exd5 27. Rb3 d4 28. Bd2 Bd7 29. Nf4 Rxc1+ 30. Bxc1 Rc8 31. Bd2 Rc2 32. Be1 g5 33. Nd5 Be5 34. f4 gxf4 35. Rd3 Be6 36. Ne7+ Kf8 0-1

[Event "Corr"]
[Site "?"]
[Date "2002.01.15"]
[Round "?"]
[White "Hamarat Tunc"]
[Black "Elwert Hans-Marcus"]
[Result "0-1"]
[WhiteElo "2640"]
[BlackElo "2687"]
[PlyCount "72"]
[EventDate "2002.??.??"]
[Source "www.chesslib.no"]
[SourceDate "2004.05.04"]

1. e4 c5 2. Nf3 e6 3. d4 cxd4 4. Nxd4 a6 5. Bd3 Nf6 6. O-O d6 7. c4 b6 8. Nc3 Bb7 9. Qe2 Nbd7 10. f4 Be7 11. Kh1 Qc7 12. Bd2 Rc8 13. Rae1 O-O 14. e5 Ne8 15. Qh5 g6 16. Qh3 Nc5 17. Bc2 Rd8 18. Be3 dxe5 19. fxe5 Ng7 20. Bf2 Nd7 21. Bb3 Bc5 22. Na4 Nh5 23. Nxc5 bxc5 24. Nf3 Bxf3 25. gxf3 Nxe5 26. Bg3 Nxg3+ 27. Qxg3 f6 28. f4 Nd3 29. Re3 Nxb2 30. Rxe6 Rd2 31. f5 Qxg3 32. hxg3 a5 33. Rc1 Kg7 34. Rc2 Rxc2 35. Bxc2 Rd8 36. fxg6 hxg6 0-1

[Event "FRA-chT"]
[Site "France"]
[Date "2002.03.31"]
[Round "6.1"]
[White "Svidler, Peter"]
[Black "Landa, Konstantin"]
[Result "1-0"]
[WhiteElo "2688"]
[BlackElo "2619"]
[PlyCount "81"]
[EventDate "2002.02.01"]
[Source "ChessBase"]
[SourceDate "2002.07.08"]

1. e4 c5 2. Nf3 e6 3. d4 cxd4 4. Nxd4 a6 5. Bd3 Nf6 6. O-O Qc7 7. Qe2 d6 8. c4 g6 9. b4 Bg7 10. Bb2 O-O 11. Nd2 b6 12. Nc2 Bb7 13. f4 Nc6 14. a3 a5 15. Nb3 axb4 16. axb4 Rxa1 17. Rxa1 Ra8 18. Qe1 Rxa1 19. Qxa1 Nh5 20. Bxg7 Nxg7 21. Qc3 Nh5 22. g3 Qe7 23. Ne3 Qf6 24. e5 dxe5 25. Ng4 Qd8 26. Nxe5 Nxb4 27. Qxb4 f6 28. Bf1 fxe5 29. fxe5 Ng7 30. Qd6 Qxd6 31. exd6 Kf7 32. g4 h5 33. h3 hxg4 34. hxg4 Bf3 35. Nd4 Bb7 36. Bd3 g5 37. Nb3 e5 38. c5 bxc5 39. Bc4+ Kf6 40. Nxc5 Bf3 41. Nd7+ 1-0

[Event "Aeroflot Open"]
[Site "Moscow"]
[Date "2004.02.19"]
[Round "3"]
[White "Malakhov, Vladimir"]
[Black "Markowski, Tomasz"]
[Result "1-0"]
[WhiteElo "2700"]
[BlackElo "2603"]
[PlyCount "137"]
[EventDate "2004.02.17"]
[Source "Roberto Alvarez"]
[SourceDate "2004.03.01"]

1. Nf3 c5 2. e4 e6 3. d4 cxd4 4. Nxd4 a6 5. Bd3 Bc5 6. Nb3 Be7 7. Be3 d6 8. c4 Nf6 9. Nc3 b6 10. O-O Bb7 11. f3 O-O 12. Qd2 Nbd7 13. Qf2 Qc7 14. Rfd1 Rac8 15. Bf1 Ba8 16. Rac1 Qb8 17. Nd4 Kh8 18. h3 Bd8 19. b4 Rg8 20. Nb3 Bc7 21. Kh1 Rge8 22. c5 b5 23. cxd6 Bxd6 24. Ba7 Bg3 25. Qd4 Qe5 26. Ne2 Qxd4 27. Bxd4 Rxc1 28. Rxc1 Bd6 29. Nc5 Bxc5 30. Bxc5 Rc8 31. Bd6 Rxc1 32. Nxc1 Ne8 33. Bg3 e5 34. Kg1 Kg8 35. Kf2 f6 36. Ke3 Kf7 37. Kd2 Nd6 38. Bf2 Bc6 39. Nb3 Nb7 40. Na5 Nxa5 41. bxa5 Bb7 42. Kc3 Ke6 43. Kb4 Kd6 44. Ba7 Bc8 45. a4 bxa4 46. Kxa4 Bb7 47. Kb4 Bc8 48. Bc4 Bb7 49. h4 h6 50. h5 Kc6 51. Be3 Kd6 52. Bb6 Ke7 53. Bc5+ Ke8 54. Bd6 Kd8 55. Kc3 Ke8 56. Kd3 Kd8 57. g3 Ke8 58. Ke3 Nf8 59. f4 Nd7 60. Kf3 exf4 61. Kxf4 Nf8 62. e5 fxe5+ 63. Kxe5 Nd7+ 64. Kf5 Nf8 65. Bxf8 Kxf8 66. Ke6 Ke8 67. Be2 Bc8+ 68. Kd6 Kd8 69. Kc6 1-0

[Event "Groningen 74/194"]
[Site "?"]
[Date "1998.??.??"]
[Round "?"]
[White "Almasi, Zoltan"]
[Black "Milov, Vadim"]
[Result "1/2-1/2"]
[WhiteElo "2650"]
[BlackElo "2640"]
[PlyCount "33"]
[EventDate "1998.??.??"]
[Source "ChessBase"]
[SourceDate "1998.10.01"]

1. e4 c5 2. Nf3 e6 3. d4 cxd4 4. Nxd4 a6 5. Bd3 Nf6 6. O-O d6 7. c4 Bd7 8. Nc3 Nc6 9. Nxc6 Bxc6 10. b3 Be7 11. Bb2 O-O 12. Qe2 Qa5 13. Rad1 Qh5 14. Qxh5 Nxh5 15. Ba3 Rfd8 16. Bb1 Nf4 17. g3 1/2-1/2

[Event "Elista ol (Men)"]
[Site "Elista"]
[Date "1998.10.04"]
[Round "6"]
[White "Adams, Michael"]
[Black "Spraggett, Kevin"]
[Result "1/2-1/2"]
[WhiteElo "2715"]
[BlackElo "2560"]
[PlyCount "72"]
[EventDate "1998.09.29"]
[Source "ChessBase"]
[SourceDate "1998.11.06"]

1. e4 c5 2. Nf3 e6 3. d4 cxd4 4. Nxd4 a6 5. Bd3 Qc7 6. O-O Nf6 7. Qe2 d6 8. c4 Be7 9. Nc3 O-O 10. Kh1 Nbd7 11. f4 b6 12. Bd2 Re8 13. Rae1 Nc5 14. e5 Nxd3 15. Qxd3 Nd7 16. exd6 Qxd6 17. Ne4 Qc7 18. f5 Nc5 19. Qf3 Nxe4 20. Qxe4 Bb7 21. Qg4 exf5 22. Nxf5 Bf6 23. b3 Kh8 24. Bf4 Qd7 25. h3 Re6 26. Rxe6 fxe6 27. Nd6 Bc6 28. Re1 Rf8 29. Rxe6 b5 30. c5 Bd4 31. b4 Kg8 32. Be3 Bd5 33. Bxd4 Bxe6 34. Qg3 Bd5 35. Kh2 h6 36. a3 Bc6 1/2-1/2

[Event "Las Palmas"]
[Site "?"]
[Date "1994.??.??"]
[Round "?"]
[White "Topalov, V."]
[Black "Polgar, Judit"]
[Result "1-0"]
[WhiteElo "2640"]
[BlackElo "2630"]
[PlyCount "105"]
[EventDate "1994.??.??"]
[Source "ChessBase"]
[SourceDate "1994.02.01"]

1. e4 c5 2. Nf3 e6 3. d4 cxd4 4. Nxd4 a6 5. Bd3 Ne7 6. O-O g6 7. c4 Bg7 8. Be3 Nbc6 9. Nxc6 bxc6 10. c5 Bxb2 11. Nd2 O-O 12. Rb1 Bg7 13. Nc4 f5 14. Qd2 fxe4 15. Bxe4 Nd5 16. Bg5 Qc7 17. Rb3 a5 18. Nd6 a4 19. Rh3 Qa5 20. Qc2 Nb4 21. Qb1 Ba6 22. Rc1 Rxf2 23. Kxf2 Bd4+ 24. Be3 Nd3+ 25. Kg1 Qd2 26. Bxd4 Nxc1 27. Kh1 Qxd4 28. Qxc1 Rb8 29. Rf3 Rb2 30. h4 Rd2 31. Kh2 Be2 32. Rf2 Qxf2 33. Qxd2 Qxh4+ 34. Kg1 Bc4 35. a3 Bd5 36. Qf2 Qe7 37. Bc2 Qg7 38. Qf4 g5 39. Qe3 h5 40. Qd3 Qa1+ 41. Kh2 Qe5+ 42. g3 Qf6 43. Qg6+ Qxg6 44. Bxg6 Kg7 45. Bxh5 Kf6 46. Nc8 Ke5 47. Nb6 Kd4 48. Nxd7 e5 49. Kg1 Be6 50. Be8 e4 51. Kf2 Kc3 52. Ke3 Kb3 53. Nb6 1-0

[Event "Taiyuan"]
[Site "?"]
[Date "2004.??.??"]
[Round "?"]
[White "Ni, Hua"]
[Black "Ye, Jiangchuan"]
[Result "1/2-1/2"]
[WhiteElo "2580"]
[BlackElo "2680"]
[PlyCount "35"]
[EventDate "2004.??.??"]
[Source "Chess Informant"]
[SourceDate "2004.06.01"]

1. e4 c5 2. Nf3 e6 3. d4 cxd4 4. Nxd4 a6 5. Bd3 Nf6 6. O-O Qc7 7. c4 Nc6 8. Nf3 Ng4 9. g3 Nge5 10. Nxe5 Nxe5 11. Bf4 d6 12. Nc3 Be7 13. Rc1 O-O 14. Re1 b6 15. Bf1 Bb7 16. Bg2 Rac8 17. b3 Qb8 18. Qe2 1/2-1/2

[Event "II President's Cup"]
[Site "Baku AZE"]
[Date "2007.05.09"]
[Round "7"]
[White "Mamedov, Rau"]
[Black "Milov, V."]
[Result "1/2-1/2"]
[WhiteElo "2584"]
[BlackElo "2676"]
[PlyCount "34"]
[EventDate "2007.05.03"]
[Source "www.chesslib.no"]
[SourceDate "2004.05.04"]

1. e4 c5 2. Nf3 e6 3. d4 cxd4 4. Nxd4 a6 5. Bd3 Ne7 6. O-O Nbc6 7. Nb3 g6 8. f4 Bg7 9. N1d2 O-O 10. Nf3 d6 11. c3 b5 12. Be3 b4 13. Rc1 bxc3 14. bxc3 a5 15. Qe2 Bb7 16. Kh1 a4 17. Nbd4 e5 1/2-1/2

[Event "Tilburg"]
[Site "?"]
[Date "1991.??.??"]
[Round "?"]
[White "Short, N."]
[Black "Kamsky, G."]
[Result "1-0"]
[WhiteElo "2660"]
[BlackElo "2595"]
[PlyCount "65"]
[EventDate "1991.??.??"]
[Source "ChessBase"]
[SourceDate "1991.10.01"]

1. e4 c5 2. Nf3 e6 3. d4 cxd4 4. Nxd4 a6 5. Bd3 Qc7 6. O-O Nc6 7. Nxc6 dxc6 8. a4 a5 9. f4 e5 10. Kh1 Nf6 11. f5 Bc5 12. Qe2 h6 13. Nd2 Bd7 14. Nc4 b5 15. Ne3 b4 16. Ng4 h5 17. Nxf6+ gxf6 18. Bd2 Ke7 19. Rf3 Rh7 20. Bc4 Rg8 21. Rd1 Qa7 22. Rd3 Bc8 23. Be1 h4 24. Rh3 Rgh8 25. c3 Qb6 26. Qd3 Qc7 27. Bb3 Qb6 28. Bf2 bxc3 29. bxc3 Rg8 30. Ba2 Rhg7 31. Rf3 Rh7 32. Qd2 Rhg7 33. Rd3 1-0

[Event "Wijk op"]
[Site "Wijk aan Zee"]
[Date "1993.??.??"]
[Round "10"]
[White "Adams, Michael"]
[Black "Lobron, Eric"]
[Result "0-1"]
[WhiteElo "2630"]
[BlackElo "2620"]
[PlyCount "100"]
[EventDate "1993.01.??"]
[Source "ChessBase"]

1. e4 c5 2. Nf3 e6 3. d4 cxd4 4. Nxd4 a6 5. Bd3 Nf6 6. O-O Qc7 7. c4 d6 8. Nc3 g6 9. Nf3 Bg7 10. Bf4 O-O 11. Rc1 b6 12. b4 Nh5 13. Be3 Nd7 14. Na4 Rd8 15. Qb3 Rb8 16. Nd2 Nhf6 17. f3 Bb7 18. Rfd1 Bc6 19. Bf1 Rdc8 20. Qa3 Bf8 21. Nb3 a5 22. b5 Bxe4 23. fxe4 d5 24. cxd5 Bxa3 25. Rxc7 Rxc7 26. d6 Rcc8 27. Nd4 Ng4 28. Bg5 Bxd6 29. Nf3 Bc5+ 30. Nxc5 Nxc5 31. h3 h6 32. Bf4 e5 33. Bc1 Nf6 34. Nxe5 Ncxe4 35. Bxh6 Rd8 36. Rc1 Rb7 37. Be2 Re8 38. Bf4 Nd5 39. Bh2 Nec3 40. Bc4 Kg7 41. Kh1 Rbe7 42. Nf3 Re4 43. Bd3 Re3 44. Bc4 R8e4 45. Bxd5 Nxd5 46. Bg1 Rd3 47. Rc6 Rd1 48. Kh2 Re6 49. Rc8 Ne3 50. Rc7 Rd5 0-1

[Event "Tilburg"]
[Site "Tilburg"]
[Date "1988.??.??"]
[Round "?"]
[White "Hjartarson, Johann"]
[Black "Portisch, Lajos"]
[Result "1-0"]
[WhiteElo "2610"]
[BlackElo "2630"]
[PlyCount "125"]
[EventDate "1988.09.??"]
[Source "ChessBase"]

1. e4 c5 2. Nf3 e6 3. d4 cxd4 4. Nxd4 a6 5. Bd3 d6 6. O-O Nd7 7. c4 Ne5 8. Be2 Nf6 9. Nc3 Be7 10. Be3 Bd7 11. Rc1 O-O 12. h3 Rc8 13. b3 Rc7 14. f4 Ng6 15. Bd3 Qc8 16. Qd2 Re8 17. Bb1 Qb8 18. a4 Rcc8 19. g4 h6 20. g5 hxg5 21. fxg5 Nh7 22. Qf2 Rf8 23. h4 Qc7 24. Nf5 Bd8 25. Bd4 Ne5 26. Ng3 Qa5 27. Nh5 Be7 28. Qg3 Kh8 29. Kh1 Be8 30. c5 Rg8 31. cxd6 Bxd6 32. b4 Qc7 33. Ne2 Nc4 34. Qd3 e5 35. Bc5 f6 36. Nhg3 Qd7 37. Rxc4 Qh3+ 38. Kg1 Bxc5+ 39. Rxc5 Rxc5 40. bxc5 Qxh4 41. Ba2 Rf8 42. gxf6 Rxf6 43. Rxf6 Nxf6 44. Qf3 Bxa4 45. Bd5 Bc6 46. Bxc6 bxc6 47. Kg2 Qg5 48. Qd3 a5 49. Qd8+ Kh7 50. Qxa5 Nxe4 51. Qb4 Nd2 52. Qc3 e4 53. Qd4 e3 54. Nf4 Nb3 55. Qd3+ g6 56. Qd7+ Kh8 57. Qe8+ Kh7 58. Qf7+ Kh6 59. Qf8+ Kh7 60. Qf7+ Kh6 61. Ne6 Qe5 62. Qf8+ Kh7 63. Qe7+ 1-0

[Event "BIH-chT"]
[Site "Neum"]
[Date "2002.06.04"]
[Round "4.1"]
[White "Adams, Michael"]
[Black "Bistric, Faruk"]
[Result "1-0"]
[WhiteElo "2744"]
[BlackElo "2494"]
[PlyCount "117"]
[EventDate "2002.06.02"]
[Source "ChessBase"]
[SourceDate "2002.09.20"]

1. e4 c5 2. Nf3 e6 3. d4 cxd4 4. Nxd4 a6 5. Bd3 Qb6 6. c3 Nc6 7. O-O d6 8. Be3 Qc7 9. c4 Nf6 10. Nc3 Be7 11. Rc1 Ne5 12. Be2 O-O 13. b3 Re8 14. f4 Ng6 15. Kh1 b6 16. f5 Ne5 17. Qe1 Kh8 18. Qg3 Bd7 19. h3 Rac8 20. a4 Qb7 21. fxe6 fxe6 22. Nf3 Ng6 23. e5 Ne4 24. Nxe4 Qxe4 25. Nd2 Qxe5 26. Qxe5 Nxe5 27. Bxb6 Bc6 28. c5 Bb7 29. cxd6 Rxc1 30. Rxc1 Bxd6 31. Nc4 Nxc4 32. Bxc4 Bb4 33. Rd1 Bc8 34. a5 Kg8 35. Rd4 Ba3 36. Kg1 Kf7 37. Bd3 g6 38. Rf4+ Kg7 39. b4 Bb2 40. Rc4 Be5 41. Bc7 Kf6 42. Bxe5+ Kxe5 43. Rc6 Kd5 44. Rb6 Re7 45. Bxa6 Bxa6 46. Rxa6 Rb7 47. Rb6 Rxb6 48. axb6 Kc6 49. Kf2 Kxb6 50. Ke3 Kb5 51. Ke4 Kxb4 52. Ke5 Kc4 53. Kxe6 Kd4 54. Kf6 Ke3 55. Kg7 Kf2 56. g4 h5 57. Kxg6 h4 58. g5 Kg3 59. Kh5 1-0

[Event "Yerevan 83/141"]
[Site "?"]
[Date "2001.??.??"]
[Round "?"]
[White "Luther, Th"]
[Black "Rublevsky, S."]
[Result "0-1"]
[WhiteElo "2604"]
[BlackElo "2634"]
[PlyCount "86"]
[EventDate "2001.??.??"]
[Source "Chess Informant"]
[SourceDate "2001.10.01"]

1. e4 c5 2. Nf3 e6 3. d4 cxd4 4. Nxd4 a6 5. Bd3 Nf6 6. O-O d6 7. c4 Bd7 8. Nc3 Nc6 9. Nxc6 Bxc6 10. b4 b6 11. Bb2 Be7 12. Qe2 O-O 13. Rad1 Qc7 14. f4 Rac8 15. Rf3 Rfd8 16. Rh3 h6 17. Rg3 Bb7 18. a3 a5 19. e5 dxe5 20. fxe5 Ne8 21. Nb5 Qb8 22. Rf1 axb4 23. Qh5 Bc5+ 24. Kh1 Rd7 25. axb4 Bxb4 26. Nd6 Bxd6 27. exd6 Qxd6 28. Qxh6 f5 29. Qg6 Qe7 30. Re1 Qf7 31. Qg5 Rcd8 32. Bf1 Rd1 33. Rxd1 Rxd1 34. Kg1 Qc7 35. Rd3 Qc5+ 36. Qe3 Be4 37. Bd4 Rxf1+ 38. Kxf1 Qxc4 39. Ke2 Nf6 40. Bxf6 Qxd3+ 41. Qxd3 Bxd3+ 42. Kxd3 gxf6 43. Kc4 e5 0-1

[Event "RUS-chT"]
[Site "Tomsk"]
[Date "2001.05.19"]
[Round "6"]
[White "Lastin, Alexander"]
[Black "Landa, Konstantin"]
[Result "1-0"]
[WhiteElo "2627"]
[BlackElo "2610"]
[PlyCount "155"]
[EventDate "2001.05.13"]
[Source "ChessBase"]
[SourceDate "2001.07.03"]

1. e4 c5 2. Nf3 e6 3. d4 cxd4 4. Nxd4 a6 5. Bd3 Nf6 6. O-O d6 7. c4 Bd7 8. Nc3 Nc6 9. Nxc6 Bxc6 10. Qe2 Be7 11. Rd1 Nd7 12. Bf4 O-O 13. Rac1 Ne5 14. Bb1 Qb8 15. a4 Rc8 16. Bg3 Be8 17. Ba2 Qa7 18. Kh1 Qc5 19. f4 Nxc4 20. b3 Ne3 21. Rd3 d5 22. b4 Qxb4 23. Qxe3 dxe4 24. Rdd1 Qa3 25. f5 exf5 26. Be5 Bxa4 27. Qg3 Bf8 28. Ra1 Bb3 29. Nb1 Qxa2 30. Rxa2 Bxd1 31. Nc3 Bh5 32. h3 Rd8 33. Qf2 Bg6 34. Rd2 Re8 35. Bf4 Rac8 36. Nd5 Rc1+ 37. Kh2 Bc5 38. Qe2 Bg1+ 39. Kg3 h6 40. Rd1 Rxd1 41. Qxd1 Bc5 42. Nc7 Rf8 43. h4 h5 44. Qd7 Kh7 45. Bd6 Bxd6+ 46. Qxd6 Rc8 47. Qd7 Rf8 48. Kf4 a5 49. Qb5 Rd8 50. Qxa5 Rd1 51. Nd5 Rf1+ 52. Ke3 Rh1 53. Qd8 Re1+ 54. Kf2 Rc1 55. Ne7 Rc5 56. Ke3 Re5 57. Kd4 f6 58. Qg8+ Kh6 59. Qh8+ Bh7 60. Nd5 Re6 61. Ke3 f4+ 62. Nxf4 Re5 63. Ne2 b5 64. Nd4 b4 65. Qb8 Bg6 66. Qxb4 Kh7 67. Qb7 Be8 68. Qc8 Kg6 69. Ne6 Bf7 70. Nf8+ Kh6 71. Qc7 Be8 72. Qd6 Bf7 73. Qc7 Bg6 74. Qc4 Bh7 75. Qf7 Ra5 76. Ne6 Ra3+ 77. Kf2 e3+ 78. Kg1 1-0

[Event "Pula (zt)"]
[Site "?"]
[Date "2000.??.??"]
[Round "?"]
[White "Lutz, Ch"]
[Black "Milov, V."]
[Result "1/2-1/2"]
[WhiteElo "2585"]
[BlackElo "2650"]
[PlyCount "48"]
[EventDate "2000.??.??"]
[Source "Chess Informant"]
[SourceDate "2000.02.01"]

1. e4 c5 2. Nf3 e6 3. d4 cxd4 4. Nxd4 a6 5. Bd3 Nf6 6. O-O d6 7. c4 Bd7 8. Nc3 Nc6 9. Nxc6 Bxc6 10. Qe2 Be7 11. b4 b6 12. Bb2 O-O 13. a3 Nd7 14. Rad1 Re8 15. f4 Qc7 16. Bb1 Bf8 17. Qc2 g6 18. Qd2 Bb7 19. Bd3 Rad8 20. Kh1 Bg7 21. Rc1 Nf6 22. Qe2 Nh5 23. Qf2 Bh6 24. Qh4 Bg7 1/2-1/2

[Event "Ajaccio FRA, 2. Open"]
[Site "?"]
[Date "2005.10.27"]
[Round "8"]
[White "Naiditsch Arkadij"]
[Black "Markowski Tomasz"]
[Result "1-0"]
[WhiteElo "2641"]
[BlackElo "2582"]
[PlyCount "161"]
[EventDate "2005.??.??"]
[Source "www.chesslib.no"]
[SourceDate "2004.05.04"]

1. e4 c5 2. Nf3 e6 3. d4 cxd4 4. Nxd4 a6 5. Bd3 Nf6 6. O-O d6 7. c4 b6 8. Nc3 Bb7 9. Kh1 Nbd7 10. Qe2 g6 11. Nf3 Bg7 12. Bf4 Qc7 13. h3 O-O 14. Rac1 Nh5 15. Be3 Rac8 16. Rfd1 Rfd8 17. Qd2 Nc5 18. Bb1 Bxc3 19. Qxc3 Nxe4 20. Qd4 Nc5 21. Ne1 e5 22. Qh4 a5 23. b3 Ng7 24. Bg5 Rd7 25. Bf6 Nce6 26. Be4 Ne8 27. Bxb7 Qxb7 28. Nf3 Nxf6 29. Qxf6 Qc7 30. Rd5 Qd8 31. Qxd8+ Rcxd8 32. Rb5 Rb7 33. Rd1 Kf8 34. Rbd5 Ke7 35. g3 f6 36. Kg2 Nc7 37. R5d2 Rbb8 38. Ng1 b5 39. cxb5 Rxb5 40. Rc2 Rd7 41. Ne2 d5 42. Rc6 d4 43. Nc1 Nd5 44. Re1 Rc7 45. Rxc7+ Nxc7 46. Nd3 Nd5 47. f4 Ne3+ 48. Kf3 Kd6 49. Rc1 Kd5 50. Nf2 Nf5 51. Ne4 exf4 52. Kxf4 a4 53. Nxf6+ Ke6 54. Rc6+ Ke7 55. bxa4 Ra5 56. Ne4 Rxa4 57. g4 Ne3 58. Rc7+ Kf8 59. Rd7 Rxa2 60. Rxd4 Nc2 61. Rd7 h5 62. g5 Ra4 63. Ke5 Nb4 64. Nd6 Nc6+ 65. Kf6 Rd4 66. Rf7+ Kg8 67. Rg7+ Kf8 68. Rd7 Rd5 69. h4 Rd4 70. Ke6 Rd1 71. Rc7 Nd8+ 72. Ke5 Rd2 73. Ne4 Rd1 74. Rc8 Ke7 75. Ra8 Rd7 76. Nf6 Rb7 77. Ng8+ Ke8 78. Kf6 Rb6+ 79. Kg7 Kd7 80. Nf6+ Ke7 81. Ra1 1-0